| 000 | 01061nam a2200265 i 4500 | ||
|---|---|---|---|
| 003 | EG-ScBUE | ||
| 005 | 20240102125420.0 | ||
| 008 | 090826s1985 ua a f 000 0 ara d | ||
| 040 |
_aEG-ScBUE _bara _erda _cEG-ScBUE _dEG-ScBUE |
||
| 043 |
_ama----- _aa-is--- |
||
| 082 | 0 | 4 |
_222 _a320.956 _bف هـ م |
| 100 |
_98647 _aفهمي، إسماعيل، _eمؤلف. |
||
| 245 | 1 | 2 |
_aالتفاوض من أجل السلام في الشرق الأوسط = _bNegotiating for peace in the Middle East / _cإسماعيل فهمي. |
| 246 | 3 | 1 | _aNegotiating for peace in the Middle East |
| 250 | _aالطبعة الأولى. | ||
| 264 | 1 |
_aالقاهرة : _bمكتبة مدبولي، _c1985. |
|
| 300 |
_a488 صفحة : _bإيضاحيات ؛ _c24 سم |
||
| 336 |
_2rdacontent _aنص _btxt |
||
| 337 |
_aبدون وسيط _2rdamedia _bn |
||
| 338 |
_aمجلد _bnc _2rdacarrier |
||
| 650 | 7 |
_aالنزاع العربي الإسرائيلي. _2BUEsh |
|
| 651 | 7 |
_aالشرق الأوسط _xأحوال سياسية. _2BUEsh |
|
| 655 | _vReading book | ||
| 942 |
_2ddc _cBB |
||
| 999 |
_c12702 _d12702 |
||